| 000 | 00486nam a2200169Ia 4500 | ||
|---|---|---|---|
| 999 |
_c14009 _d14009 |
||
| 003 | OSt | ||
| 005 | 20201021101337.0 | ||
| 008 | 190216s9999||||xx |||||||||||||| ||und|| | ||
| 040 | _coclc | ||
| 082 |
_a891.42371 _bSIN/N |
||
| 100 |
_a Singh, Gurdial _96003 |
||
| 245 | 0 |
_aNight Of The Half Moon / _cGurdial Singh |
|
| 260 |
_bMacmillan India Ltd, _c1996. _aMadrass: |
||
| 300 | _a159p | ||
| 650 | _aNovel | ||
| 942 |
_cBK _2ddc _h891.42371 _iSIN/N _k891.42371 _mSIN/N |
||